| 000 | 00502nam a22001577a 4500 | ||
|---|---|---|---|
| 999 |
_c9415 _d9415 |
||
| 008 | 151027b xxu||||| |||| 00| 0 eng d | ||
| 020 | _a9789966462430 | ||
| 050 | _aPL 8704 .K56 1985 | ||
| 100 | _aKarama, Said. | ||
| 245 |
_aSanaa ya umalenga : _cSaid Karama _bmashairi ya mafunzo / |
||
| 260 |
_aNairobi : _bEast Africa Educational Publishers, _c1985. |
||
| 300 |
_aiv, 76p. ; _c17cm. |
||
| 650 | _aSwahili language | ||
| 650 | _aSwahili poetry | ||
| 942 |
_2lcc _cAFRICANA _h PL 8704 .K56 1985 |
||